[Event "IECC M email"]
[Site "IECC email"]
[Date "1999.11.24"]
[Round "?"]
[White "Owen, Keith"]
[Black "Larson, Michael"]
[Result "1-0"]
[WhiteElo "1011"]
[BlackElo "1000"]
[PlyCount "85"]
[EventDate "1999.??.??"]
[EventType "tourn (corr)"]
[EventRounds "6"]
[SourceTitle "Corr 2008"]
[Source "ChessBase"]
[SourceDate "2008.06.24"]
[SourceVersion "1"]
[SourceVersionDate "2008.06.24"]
[SourceQuality "1"]

1. e4 e5 2. d4 Nf6 3. Ne2 Bd6 4. dxe5 Bxe5 5. f4 Bxf4 6. Bxf4 Nxe4 7. Qd4 Nf6 8. Qe5+ Qe7 9. Qxc7 Nc6 10. Qd6 0-0 11. Qxe7 Nxe7 12. Bd6 Re8 13. Nbc3 Nf5 14. 0-0-0 Ng4 15. Bc5 b6 16. h3 Nge3 17. Bxe3 Nxe3 18. Rd2 Bb7 19. Rxd7 Bxg2 20. Bxg2 Nxg2 21. Rg1 Ne3 22. Nb5 Rac8 23. c3 h5 24. Nd6 Red8 25. Rxd8+ Rxd8 26. Rg3 Nf1 27. Rf3 Rxd6 28. Rxf1 Re6 29. Kd2 g5 30. Re1 f5 31. Nd4 Rd6 32. Re5 Kf7 33. Ke2 Kf6 34. Rxf5+ Kg6 35. Rf8 Rd5 36. Rg8+ Kf7 37. Ra8 Re5+ 38. Kd3 g4 39. Rxa7+ Kg6 40. hxg4 hxg4 41. Rb7 Kg5 42. Rxb6 g3 43. Nf3+ 1-0